000 00634nam a2200205Ia 4500
003 OSt
005 20250915114335.0
008 220926b |||||||| |||| 00| 0 eng d
037 _cReference Collections
040 _aRTL
_cRTL
_beng
041 _2eng
_aeng
084 _aR L7/SC
_qRTL
100 _aPeterfreund Sheldon P.
_9371109
245 0 _aContemporary philosophy and its origins: Text and readings.
260 _aPrinceton
_bD'Van Nostrand Company Inc.
_c1967
300 _ax, 326 p.
_ccm.
700 _a Denise theodore C.
_9371110
942 _hR K7/SC
_cREF
_2CC
_n0
999 _c691347
_d691347